| 000 | 00505nam a22001577a 4500 | ||
|---|---|---|---|
| 020 | _a9780071289467 | ||
| 082 | _a621.3822 MIT | ||
| 100 | _aMitra, Sanjit Kumar | ||
| 245 | _aDigital signal processing: a computer-based approach | ||
| 250 | _a4th | ||
| 260 |
_aBoston _bMcGraw-Hill _c2011 |
||
| 300 | _a xx, 940. : ill. | ||
| 500 | _aIncludes index | ||
| 650 | _aDigital signalbehandling | Signal processing --Digital techniques --Data processing | Signal processing - Digital techniques | ||
| 942 | _cBK | ||
| 999 |
_c12931 _d12931 |
||